000 00683nam a22002177a 4500
001 00260
003 DO-SdBNP
005 20180302093235.0
008 151126b nyu 1994 xxu||||| |||| 00| 0 spa d
040 _aBPMSU
_bspa
_cBPMSU
092 _axxxxx
_bxxxxx
100 1 _aPeterson, Cris
245 1 0 _aExtra cheese, please! :
_b mozzarella's journey from cow to pizza /
_cCris Peterson ; photographs Alvis Upitis.
260 _aHonesdale, Pennsylvania :
_bBoyds Mills Press,
_c1994.
300 _a[30] p. :
_bil., retrs. ;
_c23 cm.
700 1 2 _aUpitis, Alvis,
_eil.
910 _a00260
942 _2ddc
_cBK
945 _ainventariado, 2018 / dg
956 _aLorenza Pérez
_b10
999 _c8926
_d8926